Statistics for Biggest Trading Partners - South Africa

Click here to take the quiz!

General Stats

  • This quiz has been taken 33,798 times
    (21,421 since last reset)
  • The average score is 18 of 24

Answer Stats

ExportsImportsCountry% Correct
7.16 bil4.44 bilUnited States
99%
11.3 bil14.3 bilChina
98%
4.23 bil1.70 bilUnited Kingdom
97%
1.57 bilFrance
94%
3.28 bil3.60 bilIndia
93%
1.06 bilBrazil
92%
7.07 bil6.29 bilGermany
92%
1.48 bilSpain
89%
3.82 bil1.91 bilJapan
88%
1.76 bilItaly
86%
2.68 bilNamibia
77%
3.30 bilBotswana
75%
3.09 bilMozambique
75%
1.39 bilSouth Korea
74%
2.22 bilZimbabwe
74%
2.20 bilNigeria
73%
2.69 bilSaudi Arabia
73%
3.31 bil1.29 bilNetherlands
69%
1.71 bilZambia
68%
1.17 bil1.10 bilEswatini
59%
2.41 bilBelgium
58%
2.15 bilThailand
52%
1.54 bil1.21 bilUnited Arab
Emirates
52%
0.96 bilSwitzerland
41%

Score Distribution

Percentile by Number Answered

Percent of People with Each Score

Your Score History

You have not taken this quiz since the last reset